La significacion y lo significativo . (Record no. 12205)

MARC details
000 -CABECERA
campo de control de longitud fija 00779nam a2200253 4500
003 - IDENTIFICADOR DEL NÚMERO DE CONTROL
campo de control MX-MxINE
005 - FECHA Y HORA DE LA ÚLTIMA TRANSACCIÓN
campo de control 20260530113913.0
008 - DATOS DE LONGITUD FIJA--INFORMACIÓN GENERAL
campo de control de longitud fija 260506b1974 sp ||||| |||| 00| 0 spa d
020 ## - NÚMERO INTERNACIONAL ESTÁNDAR DEL LIBRO
Número Internacional Estándar del Libro 8470531077
040 ## - FUENTE DE LA CATALOGACIÓN
Centro catalogador/agencia de origen ICI
Lengua de catalogación spa
Centro/agencia transcriptor ICI
Normas de descripción rda
041 ## - CÓDIGO DE LENGUA
Código de lengua del texto/banda sonora o título independiente spa
050 ## - SIGNATURA TOPOGRÁFICA DE LA BIBLIOTECA DEL CONGRESO
Número de clasificación B840
Número de documento/Ítem M662
100 ## - ENTRADA PRINCIPAL--NOMBRE DE PERSONA
Nombre de persona Morris, Charles William
Fechas asociadas al nombre 1901,
Término indicativo de función/relación autor
9 (RLIN) 33739
245 13 - MENCIÓN DE TÍTULO
Título La significacion y lo significativo .
Resto del título Estudio de las relaciones entre el signo y el valor.
264 1# - PRODUCCIÓN, PUBLICACIÓN, DISTRIBUCIÓN, FABRICACIÓN Y COPYRIGHT
Producción, publicación, distribución, fabricación y copyright Madrid :
Nombre del de productor, editor, distribuidor, fabricante Alberto Corazón,
Fecha de producción, publicación, distribución, fabricación o copyright 1974
300 ## - DESCRIPCIÓN FÍSICA
Extensión 46 páginas
336 ## - TIPO DE CONTENIDO
Fuente rdacontent
Término de tipo de contenido texto
337 ## - TIPO DE MEDIO
Fuente rdamedia
Nombre/término del tipo de medio sin medio
338 ## - TIPO DE SOPORTE
Fuente rdacarrier
Nombre/término del tipo de soporte volumen
650 4# - PUNTO DE ACCESO ADICIONAL DE MATERIA--TÉRMINO DE MATERIA
Término de materia o nombre geográfico como elemento de entrada Palabras
9 (RLIN) 33740
650 4# - PUNTO DE ACCESO ADICIONAL DE MATERIA--TÉRMINO DE MATERIA
Término de materia o nombre geográfico como elemento de entrada Semántica (Filosofía)
9 (RLIN) 33741
700 ## - PUNTO DE ACCESO ADICIONAL--NOMBRE DE PERSONA
Nombre de persona Cid Jesus Antonio
Término indicativo de función/relación traductor
9 (RLIN) 33742
942 ## - ELEMENTOS DE PUNTO DE ACCESO ADICIONAL (KOHA)
Fuente del sistema de clasificación o colocación Library of Congress Classification
Suprimir en OPAC 1
Tipo de ítem Koha

No items available.